| 000 | 01263nam0a22003011 4500 | ||
|---|---|---|---|
| 001 | v19\rc\1712795 | ||
| 005 | 20250619034421.0 | ||
| 035 | _a(NLR Aleph) 004812251 | ||
| 090 |
_a4939621 _c4939621 |
||
| 100 | _a20061002e18991899|||y0rusy50 ca | ||
| 101 | 0 | _arus | |
| 102 | _aRU | ||
| 105 | _ay z ||||| | ||
| 200 | 1 |
_aКак сохранить молодость _eПубл. лекция прив.-доц. Имп. Воен.-мед. акад. Георгия Явейна |
|
| 210 |
_aСанкт-Петербург _cтип. П.П. Сойкина _d1899 |
||
| 215 |
_a48 с. _d23 |
||
| 311 | _aИзвлеч. из "Журн. Рус. о-ва охран. нар. здр." 1899 г. | ||
| 320 | _aБиблиогр.: "Литература" (с. 48) | ||
| 488 | 0 |
_12001#$aЖурнал Русского общества охранения народного здравия$v1899 _tЖурнал Русского общества охранения народного здравия |
|
| 700 | 1 |
_aЯвейн _bГ.Ю. _f1863-1920 _gГеоргий Юльевич |
|
| 801 | 0 |
_aRU _bNLR _gpsbo |
|
| 801 | 0 |
_aRU _bRuMoRGB _2psbo |
|
| 801 | 1 |
_aRU _bProSoft-M _2rusmarc |
|
| 852 |
_aNLR _j20.60.4.123 |
||
| 899 |
_aRuMoRGB _jA 259/872 |
||
| 899 | _aБАН | ||
| 942 | _cBOOK | ||
| 980 | _aNB | ||